000 01166nac a22003375a 4500
003 EG-ScBUE
005 20250615093824.0
008 100215r20081997ii a f 000 0 eng dd
020 _a8121914418
020 _a9788121914413
040 _aEG-ScBUE
_beng
_erda
_cEG-ScBUE
_dEG-ScBUE
082 0 4 _a535.078
_bMUR
_222
100 1 _aMurugeshan, R.,
_eauthor.
_911411
245 1 0 _aOptics and spectroscopy/
_bas per UGC model curriculum for B.Sc.(physics)student of all indian universities /
_cR. Murugeshan, Kiruthiga Sivaprasath.
250 _aSixth edition.
250 _aRevised edition.
264 1 _aNew Delhi :
_bS.Chand & Company LTD,
_c2008.
300 _axxii, 473 pages :
_billustrations ;
_c20 cm
336 _2rdacontent
_atext
_btxt
337 _aunmediated
_2rdamedia
_bn
338 _avolume
_bnc
_2rdacarrier
590 _aDoha Ragab. Reviewed by : Wessam
650 7 _aLaser spectroscopy.
_911561
_2BUEsh
650 7 _aSpectrum analysis.
_911413
_2BUEsh
650 7 _aOptics.
_2BUEsh
651 _2BUEsh
653 _cAugust2015
655 _vReading book
700 1 _911560
_aSivaprasath, Kiruthiga,
_eauthor.
942 _cBB
_2ddc
999 _c8427
_d8427